00540nam a2200205 a 4500001001300000003000900013005001700022008004100039020002300080082001600103100002000119245003300139260004400172300000900216500003500225505002000260650001200280650002200292700002000314nice12345678IN_TiNIC20260116013336.0050524s1993 mada grp 000 0 eng  a8186041 c12000a306.69bBAJ aBajaj, Jitendra aAyodhya and the Future India aMadrasbCentre for Policy Studiesc1993 a261p aincludes index and biblioraphy2 aNotes, Glossary aAyodhya aCommunalism-Hindu1 aBajaj, Jitendra